000 00556nam a2200205Ia 4500
005 20260429112130.0
008 260429s9999||||xx |||||||||||||| ||und||
020 _a9788197027734
041 _aEnglish
082 _a371.04
_bWHI
100 _aWhite, William
245 0 _aOrganization and administration in sports /
_cWilliam White
250 _a1st ed.
260 _aNew Delhi :
_bAsia Publishers and Distributors,
_c2024.
300 _axi, 320 p.; hb
650 _a Administration
650 _a Organization
650 _aSports
942 _cTB
999 _c52514
_d52514